Detalles MARC
| 000 -CABECERA |
| campo de control de longitud fija |
02013nam a2200301 i 4500 |
| 003 - IDENTIFICADOR DEL NÚMERO DE CONTROL |
| campo de control |
DO-SdBNP |
| 005 - FECHA Y HORA DE LA ÚLTIMA TRANSACCIÓN |
| campo de control |
20250728112325.0 |
| 007 - CAMPO FIJO DE DESCRIPCIÓN FÍSICA--INFORMACIÓN GENERAL |
| campo de control de longitud fija |
ta |
| 008 - DATOS DE LONGITUD FIJA--INFORMACIÓN GENERAL |
| campo de control de longitud fija |
250625b2025 dr ||||| |||| 00| 0 spa d |
| 040 ## - FUENTE DE LA CATALOGACIÓN |
| Centro catalogador/agencia de origen |
DO-SdBNP |
| Lengua de catalogación |
spa |
| Centro/agencia transcriptor |
BNPHU |
| Normas de descripción |
rda |
| 041 ## - CÓDIGO DE LENGUA |
| Código de lengua del texto/banda sonora o título independiente |
spa |
| 082 #4 - NÚMERO DE LA CLASIFICACIÓN DECIMAL DEWEY |
| Número de clasificación |
xxx |
| Número de documento/Ítem |
G182t |
| Número de edición |
22 |
| 100 1# - ENTRADA PRINCIPAL--NOMBRE DE PERSONA |
| Nombre de persona |
Galvá, J. Alberto |
| Término indicativo de función/relación |
autor |
| Código de función/relación |
aut. |
| 9 (RLIN) |
88074 |
| 245 10 - MENCIÓN DE TÍTULO |
| Título |
Toledot : |
| Resto del título |
las generaciones de Havah y las de Ha-Satán / |
| Mención de responsabilidad, etc. |
J. Alberto Galvá. |
| 250 ## - MENCIÓN DE EDICIÓN |
| Mención de edición |
Primera edición |
| 264 #4 - PRODUCCIÓN, PUBLICACIÓN, DISTRIBUCIÓN, FABRICACIÓN Y COPYRIGHT |
| Producción, publicación, distribución, fabricación y copyright |
Santo Domingo, República Dominicana : |
| Nombre del de productor, editor, distribuidor, fabricante |
Editorial Perspectiva Cristiana & Box Engineering, |
| Fecha de producción, publicación, distribución, fabricación o copyright |
©2025. |
| 300 ## - DESCRIPCIÓN FÍSICA |
| Extensión |
306 páginas : |
| Otras características físicas |
ilustraciones ; |
| Dimensiones |
22 cm. |
| 336 ## - TIPO DE CONTENIDO |
| Término de tipo de contenido |
texto |
| Código de tipo de contenido |
txt |
| Fuente |
rdacontent |
| 337 ## - TIPO DE MEDIO |
| Nombre/término del tipo de medio |
sin mediación |
| Código del tipo de medio |
n |
| Fuente |
rdamedia |
| 338 ## - TIPO DE SOPORTE |
| Nombre/término del tipo de soporte |
volumen |
| Código del tipo de soporte |
nc |
| Fuente |
rdacarrier |
| 500 ## - NOTA GENERAL |
| Nota general |
Las generaciones de Havah y las de Ha-Satán. |
| 500 ## - NOTA GENERAL |
| Nota general |
Primer libro y primera parte del libro |
| 500 ## - NOTA GENERAL |
| Nota general |
Incluye datos biográficos del autor en la contracubierta |
| 505 ## - NOTA DE CONTENIDO CON FORMATO |
| Nota de contenido con formato |
Toledot -- Durmiendo y soñando -- Los animales mudos -- Obedézcanme -- La asamblea en la gran roca. El Shaday te lo da, pero tú lo tomas -- Visita oficial -- Los límites del jardín -- La primera alabanza no fue por la cualidades del Shaday -- La dispensación del deseo el delirio por Havah, el celo por Adam -- La Varona era otra -- La enfermedad y la muerte -- La varona manipuladora -- La perfección -- La virtud debilitada -- Mejor solo que….. El que fue ante de mí -- El Toledot de Havah la enojada -- Continuación de la Versión de Havah, al que llaman “el otro”el y yo -- Mi nombre es … La versión compartida -- El verdadero sol antes de la larga noche. Ahor que regresé -- La versión de Ha-Satán, Bóreas el centro de todo. Inicio del preámbulo, descorriendo el velo de Bóreas -- Descorriendo el velo, el preámbulo de Sabiduría -- Replicándome en ti. Parte final del primer libro -- El quiere poder sentir, yo quiero sentir el poder. |
| 590 ## - NOTA LOCAL (RLIN) |
| Nota local |
Inventariado, 2025 /LP |
| 910 ## - DATOS DE OPCIÓN DEL USUARIO (OCLC) |
| Datos de opción del usuario |
LP |
| 942 ## - ELEMENTOS DE PUNTO DE ACCESO ADICIONAL (KOHA) |
| Fuente del sistema de clasificación o colocación |
Dewey Decimal Classification |
| Tipo de ítem Koha |
Libro |